Teorie pásma volného obchodu jako možné formy budoucí spolupráce Evropské unie a USA

TAFTA, jej neúspešná implementácia a opätovné snahy o obnovu ekonomickej integrácie. Praktické dopady vytvorenia pásma voľného obchodu, 3 scenáre. Odhadované dopady na HDP EU a USA.

Saved in:
Bibliographic Details
Main Author: Kovářová, Jana
Format: Book Chapter
Language:Czech
Subjects:
Tags: Add Tag
No Tags, Be the first to tag this record!

MARC

LEADER 00000naa a2200000 4500
001 0190999
005 20231116110742.6
041 0 |a cze 
044 |a CZ 
245 1 0 |a Teorie pásma volného obchodu jako možné formy budoucí spolupráce Evropské unie a USA  |c Jana Kovářová 
520 |a TAFTA, jej neúspešná implementácia a opätovné snahy o obnovu ekonomickej integrácie. Praktické dopady vytvorenia pásma voľného obchodu, 3 scenáre. Odhadované dopady na HDP EU a USA. 
610 2 0 |a integrácia ekonomická 
610 2 0 |a obchod voľný 
610 2 0 |a liberalizácia 
610 2 0 |a clá 
610 2 0 |a tarify 
610 2 0 |a produkt národný hrubý 
610 2 0 |a Európska únia 
610 2 0 |a USA 
100 1 |a Kovářová, Jana